000 00653nam a2200193 i 4500
001 145628
003 ES-MaACL
005 20250815132630.0
007 t|
008 071015s1949 ag ||||1| spa d
100 1 _aVenturi, Lionello.
_9113927
245 1 0 _aHistoria de la crítica de arte seguido de La crítica en la actualidad /
_cLionello Venturi ; versión castellana de Julio E. Payró.
260 _aBuenos Aires :
_bPoseidón,
_c[1949]
300 _aXIII, 356 p. :
_bil. ;
_c24 cm.
650 7 _aCrítica artística
_2embne
_916003
700 1 _aPayró, Julio E.
_989738
852 _aES-MaACL
_jD-6855
_bR.29812
999 _c145628
_d145628